Statistiques concernant Histoire du PSG

Cliquez ici pour prendre le quiz!

Statistiques générales

  • Ce quiz a été pris 393 fois
  • Le résultat moyen est 9 sur 14

Statistiques - réponses

HintRéponse% Correct
Meilleur buteur de l'histoire du clubKylian Mbappé
95%
Plus gros transfert de l'histoire du clubNeymar Jr
84%
Brésilien, il reste deux ans. Le PSG est son 1er club européenRonaldinho
77%
Meilleur passeur de l'histoire du clubAngel Di Maria
72%
Il a marqué le but du 1-2 face à l'Atalanta 1/4 de la LDC 2020Eric-Maxim Choupo Moting
71%
Meilleur buteur sur une saison de Ligue 1 de l'histoire du clubZlatan Ibrahimovic
71%
L'entraîneur avec le meilleur ratio de victoireUnai Emery
70%
Le joueur le plus titré du clubMarco Verratti
64%
Il a gagné le ballon d'or grâce à ses performances avec le PSGGeorge Weah
61%
Il a joué chez l'ennemi juréGabriel Heinze
54%
Il a marqué le but du 4-1 face au Real Madrid en 1993Antoine Kombouaré
46%
Premier gros transfert sous QSIJavier Pastore
43%
Joueur le plus capé de l'histoire du clubJean-Marc Pilorget
40%
Le meilleur buteur du club durant 5 saisons consécutivesPedro Miguel Pauleta
25%

Distribution des résultats

Percentile par nombre de réponses

% des personnes avec chaque résultat

Votre développement - résultats

Vous n’avez pas pris ce quiz